Hacia nuevas estrategias de comunicación en la educación de adultos (Record no. 69664)

MARC details
000 -CABECERA
campo de control de longitud fija 00578nam a2200193 a 4500
005 - FECHA Y HORA DE LA ÚLTIMA TRANSACCIÓN
campo de control 20210223123923.0
008 - ELEMENTOS DE LONGITUD FIJA--INFORMACIÓN GENERAL
campo de control de longitud fija 991125n 000 0 u
035 ## - NÚMERO DE CONTROL DEL SISTEMA
Número de control de sistema UPN01000080830
100 1# - ASIENTO PRINCIPAL--NOMBRE PERSONAL
Nombre de persona Kaplún, Mario,
Fechas asociadas al nombre 1923-1998
9 (RLIN) 28813
222 ## - TÍTULO CLAVE
Título clave REVISTA EDUCACION DE ADULTOS
245 ## - MENCIÓN DE TÍTULO
Título Hacia nuevas estrategias de comunicación en la educación de adultos
300 ## - DESCRIPCIÓN FÍSICA
Extensión 6-23
362 0# - FECHAS DE PUBLICACIÓN Y/O DESIGNACIÓN SECUENCIAL
Fecha de publicación y/o designación secuencial 1984 Vol. 2, no. 1 ene.-mar.
653 0# - TERMINO DE INDIZACION - NO CONTROLADO
Término no controlado EDUCACION A DISTANCIA
653 0# - TERMINO DE INDIZACION - NO CONTROLADO
Término no controlado EDUCACION DE ADULTOS
653 0# - TERMINO DE INDIZACION - NO CONTROLADO
Término no controlado EDUCACION NO FORMAL
904 ## - ELEMENTOS DE DATOS D LOCAL, LDD (RLIN)
a AC
b 018641
905 ## - TIPO DE MATERIAL
Tipo de material Articulo

No items available.